000 00227nam a22000857a 4500
008 161126b xxu||||| |||| 00| 0 eng d
100 _91471
_aHaslings. S
245 _aThe Birth of Jesus
260 _aNew york
_bWestern publication
_c1994
999 _c4192
_d4192